01308cam a2200277 a 450000100100000000500170001000800410002702000150006804000250008308200150010811000650012324502520018826000520044030000280049249000270052050400530054760000630060065000310066370000430069470000410073770000320077870000450081070000390085595201190089499900170101300001586320260316091326.0051004s2004 bl a bc 001 0 por d a8533302797 aDO-SdBNPbspacBNPHU a017.2bA771 aBrasil,bBiblioteca NacionalbDivisao de Manuscritos.93570410aArquivo Arthur Ramos :binventário analítico /corganización y descripción Vera Lucia Miranda Faillace ; inventario preliminar Ana Lucia Louzada Werneck, Ana Maria Guerra, Bartolomeu Homem d'el Rei Pinto ; índice Ana Lucia Merege Correa. aRío de Janeiro :bBiblioteca Nacional,c2004. a539 p. :bil. ;c23 cm.1 aRodolfo Garcia,vv. 30 aIncluye referencias bibliográficas e índice.10aRAMOS, ARTHUR,d1903-1949xBIOBLIOTECAvCATÁLOGOS93570510aArchivos personales9357061 aFaillace, Vera Lúcia Miranda.9357071 aLouzada Werneck, Ana Lúcia.9357081 aGuerra, Ana María.9357091 aRei Pinto, Bartolomeu Homem d'el.9357101 aMerege Correa, Ana Lúcia.935711 001052708MOaGRbGRcCTd2010-02-19iLF1l0o017.2 A77p15863-10r2020-06-25w2020-06-25y2ZPréstamo interno c15405d15405